000 00563nam a2200193 a 4500
005 20230623063604.0
008 120425s2007 mx r 000 0 spa d
020 _a9789706418135
035 _aUPN01000184235
049 _aI
050 4 _aPZ75
_bD7.7
100 1 _aDreser, Elena,
_d1946-
_932210
245 1 0 _aTamara y la danza /
_cElena Dreser ; il. Jacqueline Velázquez González.
260 _aMéxico :
_bProgreso,
_c2007.
300 _a[36] p. :
_bil.
440 0 _aTamara y el arte
650 4 _aCuentos infantiles mexicanos
_97723
905 _aInfantil
999 _c156338
_d156338